000 01064nam a2200229 4500
001 127801
003 ES-MaACL
005 20251005063110.0
007 t|
008 070214s1921 sp r ||||1| spa d
100 1 _aRío Hortega, Pío del,
_d1882-1945
_997326
245 1 0 _aAlgunas observaciones sobre los cromoblastos de la piel humana /
_cPío del Río Hortega.
260 _aMadrid :
_bJunta para Ampliación de Estudios e Investigaciones Científicas,
_c1921.
300 _a2 p., lám. XXVII-XXX ;
_c24 cm.
490 1 _aTrabajos del Laboratorio de Histopatología de la Junta para Ampliación de Estudios ;
_v11
500 _aSeparata del `Boletín de la Real Sociedad Española de Historia Natural`, marzo 1921.
710 2 _aJunta para la Ampliación de Estudios e Investigaciones Científicas.
_95413
710 2 _aReal Sociedad Española de Historia Natural
_96397
830 0 0 _aTrabajos del Laboratorio de Histopatología de la Junta para Ampliación de Estudios
_v11
_9184307
852 _aES-MaACL
_j1609-F-8
999 _c127801
_d127801